Jesús es el Señor: Cristo en el centro

I tiakina i:
Ngā taipitopito rārangi puna kōrero
Kaituhi matua: Augustin, George (Author)
Hōputu: Pukapuka
Reo:Pāniora
I whakaputaina: Maliaño Sal Terrae 2014
Putanga:1a. ed
Rangatū:Presencia Teológica, 209
Ngā marau:
Ngā Tūtohu: Tāpirihia he Tūtohu
Kāore He Tūtohu, Me noho koe te mea tuatahi ki te tūtohu i tēnei pūkete!

MARC

LEADER 00000cam a2200000 a 4500
001 UCE7005
003 CL-VaPUC
008 150520e20140000sp |||||||||||||||||spa|d
020 |a 9788429321241 
082 0 4 |a 232  |b AUG  |2 21 
100 0 |a Augustin, George  |e author  |9 579723 
245 1 0 |a Jesús es el Señor: Cristo en el centro 
250 |a 1a. ed 
300 |a 238 p 
942 |c BK 
945 |d 20150520 16:51:00  |a cmena 
260 |a Maliaño  |b Sal Terrae  |c 2014 
600 0 |a Jesucristo  |9 481811 
650 0 |a Cristología   |9 315091 
650 7 |a CRISTOLOGIA BIBLICA  |2 CL-VaPUC  |9 330448 
650 7 |a CRISTOLOGIA DOGMATICA  |2 CL-VaPUC  |9 330449 
650 0 |a Teología cristiana  |9 308336 
583 |a last modification  |c 20150520 16:51:00  |k Rodrigo Vera 
490 0 |a Presencia Teológica, 209 
999 |c 359151  |d 359149 
952 |0 0  |1 0  |3 erb  |4 0  |6 232_000000000000000_AUG_2014  |7 0  |8 A  |9 468218  |a BIBTEO  |b BIBTEO  |e Casale Rolle, Carlos Ignacio, -2014  |i 5182050  |o 232 AUG 2014  |p 5182050  |r 2025-01-17  |w 2019-11-23  |y BK  |z Catalogado en:20150520  |k ICR 
952 |0 0  |1 0  |3 erb  |4 0  |6 232_000000000000000_AUG_2014  |7 0  |8 A  |9 468219  |a BIBTEO  |b BIBTEO  |i 5341051  |o 232 AUG 2014  |p 5341051  |r 2025-01-17  |w 2019-11-23  |y BK  |z Catalogado en:20160908  |k ICR